00346nam a2200133Ia 4500008004100000041000800041082001200049100001800061245004500079250001400124260003300138300003200171365000900203240624s9999 xx 000 0 und d aeng a330 TRU aTRUETT LILA J aMANAGERIAL ECONOMICS ANALYSIS PROBLEM CA a(8th ed.) c2007aNew DelhibWiley India axxvi, , 742 , 25 , p. , cm. cb30